ประวัติศาสตร์ยูนนานสมัยใหม่ / (ระเบียนเลขที่ 50186)
| 000 -LEADER | |
|---|---|
| fixed length control field | 01401nam a22002657a 4500 |
| 005 - DATE AND TIME OF LATEST TRANSACTION | |
| control field | 20251125233015.0 |
| 008 - FIXED-LENGTH DATA ELEMENTS--GENERAL INFORMATION | |
| fixed length control field | s2549 th tha d |
| 020 ## - INTERNATIONAL STANDARD BOOK NUMBER | |
| International Standard Book Number | 974993606X |
| 040 ## - CATALOGING SOURCE | |
| Original cataloging agency | ์NALT |
| 041 ## - LANGUAGE CODE | |
| Language code of text/sound track or separate title | tha |
| 050 ## - LIBRARY OF CONGRESS CALL NUMBER | |
| Classification number | DS 793.Y8 |
| Item number | ห187ป 2549 |
| 245 10 - TITLE STATEMENT | |
| Title | ประวัติศาสตร์ยูนนานสมัยใหม่ / |
| Statement of responsibility, etc. | อุษา โลหะจรูญ, แปลและเรียบเรียง ; จุไรรัตน์ แสนใจรักษ์, บรรณาธิการ. |
| 260 ## - PUBLICATION, DISTRIBUTION, ETC. | |
| Place of publication, distribution, etc. | กรุงเทพฯ : |
| Name of publisher, distributor, etc. | สร้างสรรค์, |
| Date of publication, distribution, etc. | 2549. |
| 300 ## - PHYSICAL DESCRIPTION | |
| Extent | 296 หน้า : |
| Other physical details | ภาพประกอบ ; |
| Dimensions | 21 ซม. |
| 650 04 - SUBJECT ADDED ENTRY--TOPICAL TERM | |
| Topical term or geographic name entry element | ยูนนาน (จีน) -- ความเป็นอยู่และประเพณี |
| 650 04 - SUBJECT ADDED ENTRY--TOPICAL TERM | |
| Topical term or geographic name entry element | ยูนนาน (จีน) -- ภูมิประเทศและการท่องเที่ยว |
| 650 04 - SUBJECT ADDED ENTRY--TOPICAL TERM | |
| Topical term or geographic name entry element | ภาษาไทย -- ตัวอักษร -- ประวัติ |
| 650 04 - SUBJECT ADDED ENTRY--TOPICAL TERM | |
| Topical term or geographic name entry element | พุทธศาสนา -- จีน |
| 650 04 - SUBJECT ADDED ENTRY--TOPICAL TERM | |
| Topical term or geographic name entry element | ชาวไท -- จีน -- ยูนนาน |
| 700 0# - ADDED ENTRY--PERSONAL NAME | |
| Personal name | อุษา โลหะจรูญ |
| 700 0# - ADDED ENTRY--PERSONAL NAME | |
| Personal name | จุไรรัตน์ แสนใจรักษ์ |
| 9 (RLIN) | 40391 |
| 850 ## - HOLDING INSTITUTION | |
| Holding institution | NALT |
| 856 40 - ELECTRONIC LOCATION AND ACCESS | |
| Uniform Resource Identifier | <a href="https://hdl.handle.net/20.500.14156/448171">https://hdl.handle.net/20.500.14156/448171</a> |
| -- | 1 |
| 942 ## - ADDED ENTRY ELEMENTS (KOHA) | |
| Koha item type | General Book |
| Source of classification or shelving scheme | Library of Congress Classification |
| Withdrawn status | Lost status | Damaged status | Not for loan | Collection code | Home library | Current library | Shelving location | Cost, normal purchase price | Total Checkouts | Full call number | Barcode | Date last seen | Copy number | Cost, replacement price | Price effective from | Koha item type |
|---|---|---|---|---|---|---|---|---|---|---|---|---|---|---|---|---|
| Not for Loan | General Book collection | National Assembly Library of Thailand | National Assembly Library of Thailand | Parliament Building 2 | 290.00 | DS 793.Y8 ห187ป 2549 | 3961164155 | 09/06/2017 | ฉ. 5 | 340.00 | 09/06/2017 | General Book | ||||
| Not for Loan | General Book collection | National Assembly Library of Thailand | National Assembly Library of Thailand | Parliament Building 2 | 290.00 | DS 793.Y8 ห187ป 2549 | 3961164154 | 09/06/2017 | ฉ. 4 | 340.00 | 09/06/2017 | General Book | ||||
| Not for Loan | General Book collection | National Assembly Library of Thailand | National Assembly Library of Thailand | Parliament Building 2 | 290.00 | DS 793.Y8 ห187ป 2549 | 3961164153 | 09/06/2017 | ฉ. 3 | 340.00 | 09/06/2017 | General Book | ||||
| General Book collection | National Assembly Library of Thailand | National Assembly Library of Thailand | 290.00 | DS 793.Y8 ห187ป 2549 | 3961164152 | 09/06/2017 | ฉ. 2 | 340.00 | 09/06/2017 | General Book | ||||||
| General Book collection | National Assembly Library of Thailand | National Assembly Library of Thailand | 290.00 | DS 793.Y8 ห187ป 2549 | 3961164151 | 09/06/2017 | ฉ. 1 | 340.00 | 09/06/2017 | General Book |
